Statistiques concernant 3 plus grandes villes par Régions d'Angleterre

Cliquez ici pour prendre le quiz!

Statistiques générales

  • Ce quiz a été pris 381 fois
  • Le résultat moyen est 10 sur 25

Statistiques - réponses

RégionVillePopulation
(en milliers)
% Correct
Grand LondresLondres6 574
98%
Angleterre du Nord OuestManchester464
92%
Liverpool434
87%
Midlands de l'OuestBirmingham1 085
69%
Angleterre du Nord EstNewcastle upon Tyne343
64%
Yorkshire et HumberLeeds430
53%
Angleterre du Sud EstSouthampton252
52%
Angleterre du Sud OuestBristol429
49%
Midlands de l'EstLeicester252
47%
Nottingham244
41%
Sheffield428
40%
Norwich164
32%
Plymouth248
32%
Sunderland177
31%
Portsmouth197
28%
Bournemouth178
26%
Coventry310
21%
Angleterre de l'EstLuton197
19%
Derby237
18%
Stoke on Trent260
18%
Middlesbrough142
12%
Reading249
12%
Kingston upon Hull301
8%
Preston193
6%
Southend on Sea146
1%

Distribution des résultats

Percentile par nombre de réponses

% des personnes avec chaque résultat

Votre développement - résultats

Vous n’avez pas pris ce quiz